Průvodce náročnými pracovními vztahy

Salvato in:
Dettagli Bibliografici
Autore principale: Scott, Gini Graham
Altri autori: Vaňková, Klára
Natura: Libro
Lingua:ceco
Pubblicazione: Praha Portál 2006
Soggetti:
Tags: Aggiungi Tag
Nessun Tag, puoi essere il primo ad aggiungerne!!

MARC

LEADER 00000nam a2200000 4500
001 0043888
005 20240315114644.2
020 |a 80-7367-074-7 
041 0 |a cze 
044 |a CZ 
245 1 0 |a Průvodce náročnými pracovními vztahy  |c Gini Graham Scott 
264 1 |a Praha  |b Portál  |c 2006 
300 |a 187 s. 
610 2 0 |a vzťahy pracovné 
610 2 0 |a konflikty 
610 2 0 |a riadenie 
610 2 0 |a komunikácia interpersonálna 
610 2 0 |a spolupracovníci 
610 2 0 |a správanie 
610 2 0 |a psychológia 
610 2 0 |a vzťahy medziľudské 
100 1 |a Scott, Gini Graham 
700 1 |a Vaňková, Klára